|
|
|
|
| LEADER |
00000naa2a2200000 4500 |
| 001 |
154651 |
| 005 |
20240206134036.0 |
| 035 |
|
|
|a (RuTPU)RU\TPU\book\167746
|
| 090 |
|
|
|a 154651
|
| 100 |
|
|
|a 20090303d2008 k y0rusy50 ca
|
| 101 |
0 |
|
|a rus
|
| 102 |
|
|
|a RU
|
| 200 |
1 |
|
|a Механизмы подбора экспертов в ходе составления прогноза в национальной экономике методом экспертных оценок
|f М. В. Рыжкова
|
| 320 |
|
|
|a Библиогр.: 8 назв.
|
| 463 |
|
0 |
|0 (RuTPU)RU\TPU\book\161559
|t Экономика России в XXI веке
|o сборник научных трудов V Всероссийской научно-практической конференции "Теоретические проблемы экономической безопасности России в XXI веке", Томск, 2008
|f Томский политехнический университет (ТПУ), Инженерно-экономический факультет, Кафедра экономики; под ред. Г. А. Барышевой
|v С. 69-72
|d 2008
|p 377 с.
|
| 610 |
1 |
|
|a прогнозы
|
| 610 |
1 |
|
|a экономика
|
| 610 |
1 |
|
|a экспертная оценка
|
| 610 |
1 |
|
|a метод экспертных оценок
|
| 610 |
1 |
|
|a прогнозирование
|
| 610 |
1 |
|
|a эксперты
|
| 610 |
1 |
|
|a труды учёных ТПУ
|
| 700 |
|
1 |
|a Рыжкова
|b М. В.
|c экономист
|c профессор Томского политехнического университета, доктор наук
|f 1977-
|g Марина Вячеславовна
|3 (RuTPU)RU\TPU\pers\25999
|9 11848
|
| 801 |
|
1 |
|a RU
|b 63413507
|c 20090303
|g PSBO
|
| 801 |
|
2 |
|a RU
|b 63413507
|c 20130206
|g RCR
|
| 942 |
|
|
|c BK
|